000 00529nam a22001577a 4500
005 20241127150124.0
008 241127b |||||||| |||| 00| 0 eng d
020 _a9780534399733
050 _aQD31.2 HAR
100 _aHarris, Jennifer P.
245 _aChemistry for Today: General, Organic and Biochemistry/
_bstudy guide and solutions manual for Seager and Slabaugh's
_cJennifer P. Harris
250 _a5th Ed.
260 _aAustralia
_bThomson Brooks/Cole
_c2005
300 _a347p.
_bill.
_c27.5cm
942 _2lcc
_cBK
_e5th ed.
_n0
999 _c1630
_d1630